000 01275cam a2200349 a 4500
001 14017846
003 OSt
005 20230605123455.0
008 050628s2001 ii b 001 0 eng
010 _a 2004314974
020 _a8120003926
025 _aI-E-2004-314974; 63-91
037 _bLibrary of Congress -- New Delhi Overseas Office
_cRs1500.00
040 _aDLC
_cDLC
042 _alcode
043 _aa-ii---
082 _a328.1
_bMAL
100 1 _aKaul, M. N.
_q(Maheshwar Nath)
245 1 0 _aPractice and procedure of Parliament :
_bwith particular reference to the Lok Sabha /
_cM.N. Kaul, S.L. Shakdher.
250 _a5th ed. /
_bG.C. Malhotra, editor.
260 _aNew Delhi :
_bPublished for the Lok Sabha Secretariat [by] Metropolitan Book Co.,
_c2001
_g(2004 printing).
300 _alvi, 1159 p. ;
_c25 cm.
504 _aIncludes bibliographical references (p. [1109]-1118) and indexes.
610 1 0 _aIndia.
_bParliament.
_bLok Sabha
_xRules and practice.
650 0 _aParliamentary practice
_zIndia.
700 1 _aShakdher, S. L.,
_d1918-
700 1 _aMalhotra, G. C.
710 1 _aIndia.
_bParliament.
_bLok Sabha.
_bSecretariat.
906 _a7
_bcbc
_corigode
_d3
_encip
_f20
_gy-gencatlg
942 _2ddc
_cBK
999 _c385
_d385